| 000 | 00584nam a2200157 a 4500 | ||
|---|---|---|---|
| 008 | 080226s2007 ||||||||||||||||| || u | ||
| 050 | _aIBRD(06)CS/2007/1 | ||
| 110 | _aWorld Bank | ||
| 245 | 1 | 0 | _aAngola: oil, broad-based growth, and equity |
| 260 |
_aWashington, D.C _bWorld Bank _c2007 |
||
| 350 | _a0.00 | ||
| 490 | _aWorld Bank Country Study | ||
| 650 | _aECONOMIC GROWTH--ANGOLA | ||
| 650 | _aOIL INDUSTRY--ANGOLA | ||
| 995 |
_D0.00 _FCBU-MAIN LIBRARY (Kitwe) _H1 _I0.00 _M1 _UAVAILABLE _WMay 15, 2008 _ZInternational Publications |
||
| 999 |
_c34407 _d34407 |
||